| 000 | 00543nam a22001817a 4500 | ||
|---|---|---|---|
| 003 | OSt | ||
| 005 | 20250822021020.0 | ||
| 008 | 250822b |||||||| |||| 00| 0 eng d | ||
| 020 | _a1-900518-93-7. | ||
| 040 |
_aDWC-main Lib. _cOC |
||
| 100 | _aNICHOLS, ANNIE | ||
| 245 |
_aPotatoes from gnocchi to mash/ _cNICHOLS, ANNIE |
||
| 260 |
_aLondon : _bRyland Peters and Small, _cc1999. |
||
| 300 |
_a144 pages : _bcolor illustrations ; _c23cm. |
||
| 500 | _aInclude index. | ||
| 650 | _aCooking--Potatoes. | ||
| 942 |
_2ddc _cBK-CIRC _hCirc. _n0 |
||
| 999 |
_c4141 _d4141 |
||